[Event "Edmonton op qual 12th"]
[Site "Edmonton"]
[Date "2017.04.29"]
[Round "2"]
[White "Ali, Husain"]
[Black "Kobalenko, Jerry"]
[Result "1-0"]
[WhiteElo "1935"]
[BlackElo "2028"]
[PlyCount "85"]
[EventDate "2017.04.29"]
[EventType "swiss"]
[EventRounds "5"]
[EventCountry "CAN"]
[SourceTitle "EXT 2019"]
[Source "ChessBase"]
[SourceDate "2018.10.10"]
[SourceVersion "1"]
[SourceVersionDate "2018.10.10"]
[SourceQuality "1"]

1. e4 c5 2. Nf3 e6 3. d4 cxd4 4. Nxd4 Nc6 5. Be2 Qc7 6. 0-0 Nf6 7. Nb5 Qb8 8. Bd3 a6 9. N5c3 b5 10. Bg5 Bb7 11. Nd2 Bd6 12. f4 h6 13. Bxf6 gxf6 14. Qg4 Qa7+ 15. Kh1 0-0-0 16. Rae1 Rdg8 17. Qh4 h5 18. h3 Rh6 19. Rf3 Rhg6 20. Bf1 Nd4 21. Rd3 Bc7 22. Ree3 Nxc2 23. Rg3 Nb4 24. Rdf3 f5 25. Rxg6 fxg6 26. a3 Bd8 27. Qe1 Nc6 28. Rd3 Bc7 29. Qh4 Bd8 30. Qe1 b4 31. Na4 Bc7 32. e5 Ne7 33. axb4 Nd5 34. Nc4 Nxf4 35. Nd6+ Kb8 36. Rd1 Nxh3 37. Nc5 Bxd6 38. Rxd6 Rg7 39. Qh4 Nf2+ 40. Qxf2 Ka8 41. Qd4 Bc8 42. Bxa6 Kb8 43. Bxc8 1-0

[Event "Calgary March of Kings"]
[Site "Calgary"]
[Date "2017.??.??"]
[Round "4"]
[White "Timmerman, Brian"]
[Black "Kobalenko, Jerry"]
[Result "0-1"]
[WhiteElo "1563"]
[BlackElo "2028"]
[PlyCount "32"]
[EventDate "2017.03.11"]
[EventType "swiss"]
[EventRounds "5"]
[EventCountry "CAN"]
[SourceTitle "EXT 2019"]
[Source "ChessBase"]
[SourceDate "2018.10.10"]
[SourceVersion "1"]
[SourceVersionDate "2018.10.10"]
[SourceQuality "1"]

1. e4 c5 2. Nf3 e6 3. d4 cxd4 4. Nxd4 a6 5. Nc3 Qc7 6. g3 b5 7. Bg2 Bb7 8. a3 Nf6 9. 0-0 b4 10. axb4 Bxb4 11. Re1 Nc6 12. Nd5 exd5 13. c3 Nxd4 14. Qxd4 Bc5 15. exd5+ Kf8 16. d6 Bxd4 0-1

[Event "Banff op"]
[Site "Banff"]
[Date "2016.11.13"]
[Round "5"]
[White "Malek, Omid"]
[Black "Kobalenko, Jerry"]
[Result "1/2-1/2"]
[WhiteElo "2079"]
[BlackElo "1854"]
[PlyCount "90"]
[EventDate "2016.11.11"]
[EventType "swiss"]
[EventRounds "6"]
[EventCountry "CAN"]
[SourceTitle "EXT 2018"]
[Source "ChessBase"]
[SourceDate "2017.10.13"]
[SourceVersion "1"]
[SourceVersionDate "2017.10.13"]
[SourceQuality "1"]

1. d4 Nf6 2. Bg5 g6 3. Bxf6 exf6 4. e3 f5 5. g3 Bg7 6. Bg2 d5 7. Ne2 b6 8. c4 c6 9. cxd5 cxd5 10. Nbc3 Bb7 11. Qb3 0-0 12. 0-0 Nc6 13. Qxd5 Qe7 14. Qb5 Na5 15. Bxb7 Qxb7 16. Qd5 Qe7 17. a3 Rfd8 18. Qg2 Nc4 19. b4 Rac8 20. Rfc1 a6 21. h4 b5 22. Kh2 Bh6 23. a4 Rb8 24. axb5 axb5 25. Nd5 Qd6 26. Nec3 Nd2 27. Ra7 Kg7 28. Rca1 Rdc8 29. R1a6 Rc6 30. Rxc6 Qxc6 31. Rc7 Qe6 32. Rc5 Qa6 33. f4 Nb3 34. Nc7 Qa3 35. Rxb5 Rxb5 36. N7xb5 Qxb4 37. d5 Nc5 38. Qd2 Kg8 39. d6 Nd7 40. Qg2 Bf8 41. e4 Bxd6 42. Nxd6 Qxd6 43. e5 Qc5 44. Nd5 Kg7 45. Qd2 h5 1/2-1/2

[Event "Banff op"]
[Site "Banff"]
[Date "2016.11.12"]
[Round "4"]
[White "Kobalenko, Jerry"]
[Black "Findlay, Ian T"]
[Result "1-0"]
[WhiteElo "1854"]
[BlackElo "2240"]
[PlyCount "131"]
[EventDate "2016.11.11"]
[EventType "swiss"]
[EventRounds "6"]
[EventCountry "CAN"]
[SourceTitle "EXT 2018"]
[Source "ChessBase"]
[SourceDate "2017.10.13"]
[SourceVersion "1"]
[SourceVersionDate "2017.10.13"]
[SourceQuality "1"]

1. Nf3 Nf6 2. g3 d5 3. Bg2 e6 4. 0-0 Be7 5. b3 0-0 6. Bb2 c5 7. d4 Nc6 8. Nbd2 b6 9. c4 Bb7 10. e3 Rc8 11. Ne5 cxd4 12. exd4 dxc4 13. Ndxc4 b5 14. Nxc6 Bxc6 15. Bxc6 bxc4 16. Bf3 c3 17. Bc1 Nd5 18. a3 a5 19. Qc2 Qb6 20. Rd1 Rfd8 21. Rd3 Bf6 22. Be3 Nxe3 23. fxe3 e5 24. d5 e4 25. Bxe4 Re8 26. Bf5 Rxe3 27. Qf2 Rxd3 28. Qxb6 Bd4+ 29. Qxd4 Rxd4 30. Bxc8 c2 31. Bg4 Rxg4 32. Rc1 Kf8 33. Rxc2 Rd4 34. Rc5 a4 35. bxa4 Rxa4 36. d6 Ke8 37. Re5+ Kd7 38. Re7+ Kxd6 39. Rxf7 g5 40. Rf3 Ke5 41. Rb3 h5 42. h3 Rc4 43. Re3+ Kf5 44. Kf2 h4 45. g4+ Kf4 46. Rf3+ Ke4 47. Kg2 Ra4 48. Rb3 Ke5 49. Kf2 Kf6 50. Ke2 Kg6 51. Kd2 Ra8 52. Kc3 Rc8+ 53. Kb2 Ra8 54. Rb4 Ra7 55. a4 Ra8 56. Ka3 Ra7 57. Rb5 Re7 58. a5 Re3+ 59. Rb3 Re5 60. Ka4 Re4+ 61. Rb4 Re3 62. a6 Re1 63. Ka5 Ra1+ 64. Kb6 Re1 65. a7 Re8 66. Ra4 1-0

[Event "Red Deer op"]
[Site "Red Deer"]
[Date "2015.05.16"]
[Round "1"]
[White "Kobalenko, Jerry"]
[Black "Schlegel, Zacchary"]
[Result "1-0"]
[WhiteElo "1826"]
[BlackElo "1489"]
[PlyCount "45"]
[EventDate "2015.05.16"]
[EventType "swiss"]
[EventRounds "5"]
[EventCountry "CAN"]
[SourceTitle "EXT 2017"]
[Source "ChessBase"]
[SourceDate "2016.10.25"]
[SourceVersion "1"]
[SourceVersionDate "2016.10.25"]
[SourceQuality "1"]

1. Nf3 d5 2. g3 c5 3. Bg2 Nc6 4. d4 Nf6 5. 0-0 Bg4 6. Ne5 e6 7. c4 cxd4 8. Nxg4 Nxg4 9. e4 Nf6 10. exd5 exd5 11. Bg5 Be7 12. Bxf6 Bxf6 13. cxd5 Ne7 14. Qb3 0-0 15. Qxb7 Rb8 16. Qxa7 Rxb2 17. Qc5 d3 18. Na3 Re2 19. Rad1 Rxa2 20. Rxd3 Nc8 21. d6 Qb6 22. Qd5 Rd8 23. Qxa2 1-0